Word Ladder: Breakfast Circles Quiz Stats

 Plays Quiz Updated Oct 17, 2018

Score 0/14 Timer 02:00
2 Plays Today
Clue 5-Letter Word % Correct
Guy in a weddingGROOM
97.4%
Depression (and partner of 'doom')GLOOM
91.4%
Chickens' homesCOOPS
89.9%
Ice cream serverSCOOP
88.9%
Hits the mallSHOPS
87.6%
Karate movesCHOPS
87.2%
[See the first clue]LOOPS
85.5%
Clue 5-Letter Word % Correct
'Guardians of the Galaxy' tree creatureGROOT
84.9%
Take a photographSHOOT
84.1%
Augustus who visited Willy WonkaGLOOP
83.6%
Hurry alongSCOOT
82.2%
Small boat, like the 'John B.' in a songSLOOP
81.6%
With the last clue, Toucan Sam's cerealFROOT
78%
Says 'scram!' toSHOOS
77.6%

Today's Daily Dose

You're not logged in!

Compare scores with friends on all Sporcle quizzes.
OR
Log In

Sporcle TV

Today on Sporcle TV


Watch our educational content, quiz creation guides, and fun videos on Sporcle TV.

Show Comments

Extras

Top Quizzes Today


Score Distribution

Your Account Isn't Verified!

In order to create a playlist on Sporcle, you need to verify the email address you used during registration. Go to your Sporcle Settings to finish the process.

Report this User

Report this user for behavior that violates our Community Guidelines.

Details: